01467nam a2200217Ia 45000010005000000080041000050100009000460410014000550820017000692450190000862600014002763000007002905200007002976300015003046300014003196500024003337000026003577000037003837000049004205200780004692702241029s9999 xx 000 0 und d a2536 aEspañol a370-025-2006 0aFormulación de un modelo de planificación estratégica para la gestión educativa del Centro de Estímulo y Desarrollo Psicopedagógico (DEDEPSI) de San Pedro de Macorís, R.D. aLa Romana a50 a37 aEstrategia aGestión aGestión Educativa easesoraBasora, Olga  eautoraSantiago Sabino, María  eautoraDe León Germán, Licet Del Carmen  aEl objetivo general de esta investigación fue formular un modelo de planificación estratégica para la gestión educativa del centro CEDEPSI de San Pedro de Macorís. Esta investigación fue de tipo descriptivo y de campo ya que describe las fortalezas, debilidades, amenazas y oportunidades del CEDEPSI.El estudio permitió identificar que las fortalezas de esta institución son: calidad del servicio que ofrece, la metodología y fundamento teórico, los recursos humanos y tecnológicos. Dentro de las recomendaciones que plantearon las autoras están el crear un departamento de Recursos Humanos que pueda dirigir estratégicamente el personal, establecer un manual de procedimiento docente administrativo y mantener un programa de capacitación docente.